• 首页
  • 本馆介绍
  • 公告通知
  • 最新文献
  • 馆藏检索
  • 电子资源
  • 读者导购
  • 参考咨询
  • 我的图书馆
  • 登录
  • 详细信息显示
  • 放入我的书架
  • 预约/预借图书
  • 作者相关作品
  • 分类相关作品
  • 丛书相关作品
  • 出版社相关作品

书目信息

  • 表格格式
  • 工作单格式
  • 卡片格式
题名:
大学计算机应用基础
    
 
作者: 杨东慧 , 高璐 主编
分册:  
出版信息: 上海   上海交通大学出版社  2018.08
页数: 306页
开本: 26cm
丛书名:
单 册:
中图分类: TP3 , TP317.1
科图分类:
主题词: 电子计算机--dian zi ji suan ji--高等学校--教材 , 办公自动化--ban gong zi dong hua--应用软件--高等学校--教材
电子资源:
ISBN: 978-7-313-19985-0
000 01087nam0 2200289 450
001 0106081809
005 20201106082044.0
010    @a978-7-313-19985-0@dCNY49.80
100    @a20190226e20202018em y0chiy50 ea
101 0  @achi
102    @aCN@b310000
105    @aak z 000yy
106    @ar
200 1  @a大学计算机应用基础@Ada xue ji suan ji ying yong ji chu@eWindows 10+Office 2016@f杨东慧, 高璐主编
210    @a上海@c上海交通大学出版社@d2018.08@h2020.01
215    @a306页@c图@d26cm
300    @a普通高等院校公共必修课精品教材互联网+计算机教育立体化教材
330    @a全书分9个模块,内容涵盖:计算机基础知识,使用Windows10操作系统,使用Word2016制作文档,使用Excel2016制作电子表格,使用PowerPoint2016制作演示文稿等。
606 0  @a电子计算机@Adian zi ji suan ji@x高等学校@j教材
606 0  @a办公自动化@Aban gong zi dong hua@x应用软件@x高等学校@j教材
610 0  @aOffice@AOffice
690    @aTP3@v5
690    @aTP317.1@v5
701  0 @a杨东慧@Ayang dong hui@4主编
701  0 @a高璐@Agao lu@4主编
801  0 @aCN@bBJSZM@c20201106
905    @b1191708-11@dTP3@e1077@f4
    
    大学计算机应用基础:Windows 10+Office 2016/杨东慧, 高璐主编.-上海:上海交通大学出版社,2018.08(2020.01)
    306页:图;26cm
    普通高等院校公共必修课精品教材互联网+计算机教育立体化教材
    
    ISBN 978-7-313-19985-0:CNY49.80
    全书分9个模块,内容涵盖:计算机基础知识,使用Windows10操作系统,使用Word2016制作文档,使用Excel2016制作电子表格,使用PowerPoint2016制作演示文稿等。
●
相关链接 在E读中查询图书 在五车中查询图书 在当当中查询图书 在豆瓣中查询图书


正题名:大学计算机应用基础     索取号:TP3/1077         预约/预借

序号 登录号 条形码 馆藏地/架位号 状态 备注
1 1191708   211917087   第二样本阅览室/ [索取号:TP3/1077] 在馆    
2 1191709   211917096   第三借阅区/ [索取号:TP3/1077] 在馆    
3 1191710   211917103   第三借阅区/ [索取号:TP3/1077] 在馆    
4 1191711   211917112   第三借阅区/ [索取号:TP3/1077] 在馆    
唐山师范学院图书馆 欢迎您!
大连网信软件有限公司© 版权所有